00432nam a2200121Ia 4500008004100000041000800041082001600049100001600065245003400081260003800115999001900153952013800172230627s9999 xx 000 0 und d aeng a346.08bBAN aBansal B. L aDigest On Dishonour Of Cheque aNew DelhibKamal Publishersc1995 c702737d702737 001040708NLP Social WelfareaNLPbNLPcNLP-134d2000-03-30g170.00l0o346.08 BANpNLP-NS0189r2023-07-17 00:00:00w2023-07-17yBK